Šéfredaktor Korzára Jaro Vrábeľ dostane Cenu mesta in memoriam významne prispel k rozvoju kritickej žurnalistiky

Bibliographic Details
Corporate Author: Redakcia denníka Korzár (Author)
Format: Article
Language:Slovak
PhysicalDescription:Fotografia
ISSN:2585-7355
Subjects:
Online Access:https://kosice.korzar.sme.sk/c/23456131/bojoval-za-lepsiu-spolocnost-sefredaktor-korzara-jaro-vrabel-dostane-cenu-mesta-in-memoriam.html

MARC

LEADER 00000nab a2200000u 4500
001 vtls012272679
003 SK-MaSNL
005 20260304224146.0
008 250306|2025 xo ||||||| || ||slo|
038 |a KEVKJB 
040 |a KEVKJB  |b slo  |e rda 
041 0 |a slo 
043 |a e-xo--- 
044 |a xo  |c SK 
072 7 |a 06  |x Organizácie všeobecnej povahy  |2 konspekt 
080 |a 06.05  |2 2011 
110 2 |a Redakcia denníka Korzár  |4 aut  |9 1254412 
245 0 0 |a Šéfredaktor Korzára Jaro Vrábeľ dostane Cenu mesta in memoriam  |b významne prispel k rozvoju kritickej žurnalistiky  |c [autor] (red.) 
300 |b Fotografia 
336 |a text  |b txt  |2 rdacontent 
337 |a bez média  |b n  |2 rdamedia 
338 |a zväzok  |b nc  |2 rdacarrier 
600 1 7 |a Vrábeľ, Jaroslav,  |d 1979-2024  |2 kevkjb  |9 1254413 
600 1 7 |a Bober, Bernard,  |d 1950-  |2 SNKMA  |9 183750 
650 0 7 |a arcibiskupi  |2 SNKPH  |9 686 
650 0 7 |a Korzár (noviny)  |2 kevkjb  |9 877457 
650 0 7 |a šéfredaktori  |2 SNKPH  |9 30352 
650 0 7 |a ceny a vyznamenania  |2 SNKPH  |9 73045 
650 0 7 |a Cena mesta Košice (ocenenie)  |2 SNKPH  |9 29669 
651 7 |a Košice (Slovensko)  |2 SNKPHgeo  |9 18694 
773 0 |t Korzár - SME  |g Roč. XXVIII., č. 41 (2025), s. [7]  |x 2585-7355 
852 |a KEVKJB  |b KIS3GCP 
856 4 1 |u https://kosice.korzar.sme.sk/c/23456131/bojoval-za-lepsiu-spolocnost-sefredaktor-korzara-jaro-vrabel-dostane-cenu-mesta-in-memoriam.html 
958 |a BX 
999 |c 3171021  |d 3172951